| 000 | 01427nam a2200361Ia 4500 | ||
|---|---|---|---|
| 001 | ebr10369584 | ||
| 003 | CaPaEBR | ||
| 006 | m u | ||
| 007 | cr cn||||||||| | ||
| 008 | 001031s2000 enka sb 001 0 eng d | ||
| 010 | _z 00695096 | ||
| 020 | _z9780853239543 | ||
| 020 | _z0853239649 | ||
| 020 | _z0853239541 (hardback) | ||
| 040 |
_aCaPaEBR _cCaPaEBR |
||
| 035 | _a(OCoLC)647883180 | ||
| 050 | 1 | 4 |
_aPR3733 _b.J36 2000eb |
| 245 | 0 | 0 |
_aJames Thomson _h[electronic resource] : _bessays for the tercentenary / _cedited by Richard Terry. |
| 260 |
_aLiverpool : _bLiverpool University Press, _c2000. |
||
| 300 |
_a279 p. : _bill. |
||
| 490 | 1 | _aLiverpool English texts and studies | |
| 504 | _aIncludes bibliographical references and index. | ||
| 533 |
_aElectronic reproduction. _bPalo Alto, Calif. : _cebrary, _d2011. _nAvailable via World Wide Web. _nAccess may be limited to ebrary affiliated libraries. |
||
| 600 | 1 | 0 |
_aThomson, James, _d1700-1748 _xCriticism and interpretation. |
| 650 | 0 | _aEnglish literature. | |
| 651 | 0 |
_aScotland _xIntellectual life _y18th century. |
|
| 651 | 0 |
_aScotland _xIn literature. |
|
| 655 | 7 |
_aElectronic books. _2local |
|
| 700 | 1 | _aTerry, Richard. | |
| 710 | 2 | _aebrary, Inc. | |
| 830 | 0 | _aLiverpool English texts and studies. | |
| 856 | 4 | 0 |
_uhttp://site.ebrary.com/lib/rucke/Doc?id=10369584 _zAn electronic book accessible through the World Wide Web; click to view |
| 999 |
_c110092 _d110092 |
||